<?xml version="1.0" encoding="UTF-8"?>
<record
    xmlns:xsi="http://www.w3.org/2001/XMLSchema-instance"
    xsi:schemaLocation="http://www.loc.gov/MARC21/slim http://www.loc.gov/standards/marcxml/schema/MARC21slim.xsd"
    xmlns="http://www.loc.gov/MARC21/slim">

  <leader>01502nam a2200277 a 4500</leader>
  <controlfield tag="001">000038719</controlfield>
  <controlfield tag="003">DO-SdBNP</controlfield>
  <controlfield tag="005">20260218082711.0</controlfield>
  <controlfield tag="008">110411s2001    dr            000 0 spa d</controlfield>
  <datafield tag="040" ind1=" " ind2=" ">
    <subfield code="a">DO-SdBNP</subfield>
    <subfield code="b">spa</subfield>
    <subfield code="c">DO-SdBNP</subfield>
  </datafield>
  <datafield tag="082" ind1=" " ind2="4">
    <subfield code="a">343.0427293 </subfield>
    <subfield code="b">R426r 2000</subfield>
    <subfield code="2"> 22</subfield>
  </datafield>
  <datafield tag="110" ind1="2" ind2=" ">
    <subfield code="a">Rep&#xFA;blica Dominicana </subfield>
    <subfield code="9">447</subfield>
  </datafield>
  <datafield tag="240" ind1="1" ind2="0">
    <subfield code="a">[Leyes, etc.]</subfield>
  </datafield>
  <datafield tag="245" ind1="1" ind2="0">
    <subfield code="a">Recopilaci&#xF3;n impositiva :</subfield>
    <subfield code="b">C&#xF3;digo tributario ley 11-92 (modificado por la ley reformas no.147-00 de diciembre del 2000 /</subfield>
    <subfield code="c">preparado bajo la supervisi&#xF3;n de Remberto Diaz N.</subfield>
  </datafield>
  <datafield tag="250" ind1=" " ind2=" ">
    <subfield code="a">4a.ed.</subfield>
  </datafield>
  <datafield tag="260" ind1=" " ind2=" ">
    <subfield code="a">Santo Domingo :</subfield>
    <subfield code="b">Metropolitana,</subfield>
    <subfield code="c">2001</subfield>
  </datafield>
  <datafield tag="300" ind1=" " ind2=" ">
    <subfield code="a">577 p. ;</subfield>
    <subfield code="c">25 cm.</subfield>
  </datafield>
  <datafield tag="505" ind1="0" ind2=" ">
    <subfield code="t">Normas generales, procedimientos y sanciones --</subfield>
    <subfield code="t">Impuesto sobre la renta --</subfield>
    <subfield code="t">Impuesto sobre transferencias de bienes industrializados y servicios --</subfield>
    <subfield code="t">Impuesto selectivo al consumo --</subfield>
    <subfield code="t"> Reglamento para la aplicaci&#xF3;n de t&#xED;tulo II y III del c&#xF3;digo tributario de la Rep&#xFA;blica Dominicana -- De las deducciones -- Del impuesto sobre la transferencias de bienes industrializados y servicios (ITBIS).</subfield>
    <subfield code="t">Normas generales sobre cierre de establecimientos y/o suspensi&#xF3;n de actividades. </subfield>
    <subfield code="t"> </subfield>
    <subfield code="t"> </subfield>
  </datafield>
  <datafield tag="590" ind1=" " ind2=" ">
    <subfield code="a">Inventariado, /2020VM</subfield>
  </datafield>
  <datafield tag="650" ind1=" " ind2="0">
    <subfield code="a">Impuesto sobre la renta </subfield>
    <subfield code="x"> Ley y legislaci&#xF3;n </subfield>
    <subfield code="z">Rep&#xFA;blica Dominicana.</subfield>
    <subfield code="9">14512</subfield>
  </datafield>
  <datafield tag="650" ind1=" " ind2="0">
    <subfield code="a">Impuestos</subfield>
    <subfield code="z">Rep&#xFA;blica Dominicana</subfield>
    <subfield code="2">LEMB</subfield>
    <subfield code="9">8380</subfield>
  </datafield>
  <datafield tag="650" ind1=" " ind2="7">
    <subfield code="a">Impuestos  </subfield>
    <subfield code="x">Administraci&#xF3;n y procesamiento </subfield>
    <subfield code="9">14513</subfield>
  </datafield>
  <datafield tag="700" ind1="1" ind2=" ">
    <subfield code="a">D&#xED;az N&#xFA;&#xF1;ez, Remberto</subfield>
    <subfield code="9">14514</subfield>
  </datafield>
  <datafield tag="942" ind1=" " ind2=" ">
    <subfield code="2">ddc</subfield>
    <subfield code="c">LBS1</subfield>
  </datafield>
  <datafield tag="952" ind1=" " ind2=" ">
    <subfield code="0">0</subfield>
    <subfield code="1">0</subfield>
    <subfield code="2">ddc</subfield>
    <subfield code="7">1</subfield>
    <subfield code="8">PD</subfield>
    <subfield code="a">BNPHU</subfield>
    <subfield code="b">PD</subfield>
    <subfield code="c">CT</subfield>
    <subfield code="d">2013-04-19</subfield>
    <subfield code="e">Reyes Duluc</subfield>
    <subfield code="i">LF1</subfield>
    <subfield code="l">0</subfield>
    <subfield code="o">BNPHU PD 343.729304 R426r  2000</subfield>
    <subfield code="p">38719-10</subfield>
    <subfield code="r">2020-06-25</subfield>
    <subfield code="w">2020-06-25</subfield>
    <subfield code="y">LBS1</subfield>
    <subfield code="z">Perteneci&#xF3; a la biblioteca  personal de la familia Reyes Duluc</subfield>
  </datafield>
  <datafield tag="952" ind1=" " ind2=" ">
    <subfield code="0">0</subfield>
    <subfield code="1">0</subfield>
    <subfield code="2">ddc</subfield>
    <subfield code="5">1</subfield>
    <subfield code="7">2</subfield>
    <subfield code="8">PD</subfield>
    <subfield code="a">BNPHU</subfield>
    <subfield code="b">PD</subfield>
    <subfield code="c">OI</subfield>
    <subfield code="d">2019-08-06</subfield>
    <subfield code="i">LF1</subfield>
    <subfield code="l">0</subfield>
    <subfield code="o"> BNPHU PD 343.729304 R426r  2000</subfield>
    <subfield code="p">38719-20</subfield>
    <subfield code="r">2020-06-25</subfield>
    <subfield code="t">e.2</subfield>
    <subfield code="w">2020-06-25</subfield>
    <subfield code="y">LFPD</subfield>
  </datafield>
  <datafield tag="956" ind1=" " ind2=" ">
    <subfield code="a">VMateo</subfield>
  </datafield>
  <datafield tag="999" ind1=" " ind2=" ">
    <subfield code="c">38209</subfield>
    <subfield code="d">38209</subfield>
  </datafield>
</record>
